000 02120nam a22002777a 4500
005 20240305165608.0
007 cr|||| ||||
008 210618s2018 co |||||s|||| 00||0 spa d
020 _a978-958-762-912-5
035 _a33437
040 _avLex
090 _c11819
_d11819
100 1 _aGarcía León, Francisco V.
245 1 0 _aAprender a aprender
_h[Recurso electrónico] :
_bHábitos, métodos, estrategias y técnicas de estudio: guía para el aprendizaje significativo /
_cFrancisco V. García León, Jéssica E. Mendoza Montoya, Narciso Fernández Saucedo
256 _aServicio en línea
260 _aBogotá:
_bEdiciones de la U,
_c2018
300 _a1 recurso electrónico
500 _aEn la sociedad del conocimiento y de las tecnologías de la información, el docente que actúa sin conocer ni aplicar los principios neuropsicopedagógicos de la enseñanza-aprendizaje camina por la oscuridad pedagógica. Igual sucede con el estudiante que no desarrolla la capacidad ni la competencia para aprender a aprender; sin embargo, docentes y estudiantes pueden ver la luz de la sabiduría combinando conocimiento y práctica, además de formar hábitos de estudio desde bases cerebrales con la inclusión de métodos, estrategias y técnicas adecuados, que permitan el ahorro de tiempo y esfuerzo, condición necesaria para que el estudiante alcance el desarrollo personal y social con éxito, mediante la planificación previa al desarrollo de sus actividades académicas.
506 1 _aDisponible solo en los productos indicados
_dvLex Global
_dvLex Global (Academic Edition, excluding Law Schools)
_dvLex Global (U.S. Academic Edition, Law Schools)
_dvLex Global (U.S. Academic Edition, excluding Law Schools)
_dvLex Global (Academic Edition, Law Schools)
650 0 4 _aEducación
_zColombia
700 1 _aMendoza Montoya, Jéssica E.
700 1 _aFernández Saucedo, Narciso
740 0 _avLex Libros (Servicio en línea)
856 4 0 _uhttps://vlex.com/source/aprender-a-aprender-habitos-metodos-estrategias-y-tecnicas-de-estudio-guia-para-el-aprendizaje-significativo-33437
942 _cRAA
999 _c170055
_d170055